LEADER 00800nam0-22002891i-450- 001 990000486510403321 005 20071210164516.0 035 $a000048651 035 $aFED01000048651 035 $a(Aleph)000048651FED01 035 $a000048651 100 $a20020821d1966----km-y0itay50------ba 101 0 $aeng 105 $aa-------001yy 200 1 $aPrinciples of coherent communication$fAndrew J. Viterbi 210 $aNew York [etc.]$cMcGraw-Hill$dc1966 215 $a321 p.$cill.$d24 cm 225 1 $aMcGraw-Hill series in system science 610 0 $aTelecomunicazioni 676 $a621.382'23 700 1$aViterbi,$bAndrew J. 801 0$aIT$bUNINA$gRICA$2UNIMARC 901 $aBK 912 $a990000486510403321 952 $a10 E II 224$b8871$fDINEL 959 $aDINEL 997 $aUNINA LEADER 02694nam 2200349 450 001 9910510453403321 005 20230827001212.0 035 $a(CKB)4930000000238323 035 $a(NjHacI)994930000000238323 035 $a(EXLCZ)994930000000238323 100 $a20230827d2021 uy 0 101 0 $aeng 135 $aur||||||||||| 181 $ctxt$2rdacontent 182 $cc$2rdamedia 183 $acr$2rdacarrier 200 10$aProceedings of the 3rd ACM International Symposium on Blockchain and Secure Critical Infrastructure /$fKeke Gai, Kim-Kwang Raymond Choo 210 1$aNew York NY :$cAssociation for Computing Machinery,$d2021. 215 $a1 online resource (117 pages) 311 $a1-4503-8400-5 330 $aIt is with great pleasure to welcome you to The 3rd ACM International Symposium on Blockchain and Secure Critical Infrastructure (BSCI 2021). Under extenuating circumstances due to Covid-19, BSCI 2021 will be fully virtual, instead of the planned June 7-11, 2021, in Hong Kong, China. Despite the additional challenges due to the pandemic, this symposium still serve as a platform to share and discuss state-of-the-art research advances on blockchain and secure critical infrastructure, ranging from security and privacy issues in blockchain to attack methods on blockchain to securing the smart grid, etc. As part of the discussion, we hope to foster new, cutting-edge research collaboration between researchers and practitioners with complementary interests and background. This is the third symposium organized as part of ACM AsiaCCS, which builds on success of the prior editions, 2019 (New Zealand) and 2020 (Taipei, China). In this year, we attracted a total of 34 submissions from Asia, Australia, Europe, and the United States. All submissions were subject to rigorous reviews by subject matter experts, and eventually only six (6) submissions were accepted to appear in the symposium as regular papers (i.e. acceptance rate is 17.65%). Six (6) submissions were accepted as short papers. We are also honored to have Dr. Samee U. Khan from Mississippi State University as our keynote speaker, who will be speaking on "Blockchains, Security, and Infrastructures: What we Know and What we Can Know". 606 $aBlockchains (Databases)$xLaw and legislation 615 0$aBlockchains (Databases)$xLaw and legislation. 676 $a343.0 700 $aGai$b Keke$01385468 702 $aChoo$b Kim-Kwang Raymond 801 0$bNjHacI 801 1$bNjHacl 906 $aBOOK 912 $a9910510453403321 996 $aProceedings of the 3rd ACM International Symposium on Blockchain and Secure Critical Infrastructure$93461970 997 $aUNINA LEADER 04078oam 2200889M 450 001 9910765701503321 005 20241107101754.0 010 $a9786610146413 010 $a9781135300104 010 $a1135300100 010 $a9781135300111 010 $a1135300119 010 $a9781280146411 010 $a1280146419 010 $a9780203985267 010 $a0203985265 024 7 $a10.4324/9780203985267 035 $a(CKB)1000000000248786 035 $a(EBL)243144 035 $a(OCoLC)456027792 035 $a(SSID)ssj0000129305 035 $a(PQKBManifestationID)12035146 035 $a(PQKBTitleCode)TC0000129305 035 $a(PQKBWorkID)10079051 035 $a(PQKB)10167561 035 $a(SSID)ssj0000375836 035 $a(PQKBManifestationID)11298933 035 $a(PQKBTitleCode)TC0000375836 035 $a(PQKBWorkID)10327108 035 $a(PQKB)11674446 035 $a(MiAaPQ)EBC243144 035 $a(OCoLC)826516335 035 $a(OCoLC)1148090836 035 $a(OCoLC-P)1148090836 035 $a(FlBoTFG)9780203985267 035 $a(oapen)https://directory.doabooks.org/handle/20.500.12854/26912 035 $a(MiAaPQ)EBC7245489 035 $a(Au-PeEL)EBL7245489 035 $a(OCoLC)824530871 035 $a(ODN)ODN0004059747 035 $a(ScCtBLL)986e438c-1d13-485d-b713-90b471f7e1ce 035 $a(OCoLC)1135856320 035 $a(oapen)doab26912 035 $a(EXLCZ)991000000000248786 100 $a20000912j19990501 uy 0 101 0 $aeng 135 $aur|n||||||||| 181 $ctxt$2rdacontent 182 $cc$2rdamedia 183 $acr$2rdacarrier 200 10$aConstructing suburbs $ecompeting voices in a debate over urban growth /$fAnn Forsyth 205 $a1st ed. 210 $aNew York $cRoutledge$dMay 1999$aFlorence $cTaylor & Francis Group [distributor] 215 $a1 online resource (xiv, 195 pages) $cillustrations, maps 225 1 $aCities and regions: planning, policy and management 311 08$a90-5700-527-1 311 08$a90-5700-526-3 320 $aIncludes bibliographical references and index. 327 $aBook Cover; Half-Title; Title; Copyright; Contents; Illustrations; Introduction to the Series; Acknowledgments; Introduction; CHAPTER ONE Big Projects in a Time of Uncertainty: Facing the Future in a Contemporary Urban Development; CHAPTER TWO Five Images of a Suburb: Competing Perspectives on the Economy, Environment, and Family Life; CHAPTER THREE Visual Rhetorics in Growth Debates: Sydney's Future as a Los Angeles, Toronto, or Canberra; CHAPTER FOUR Formal Planning Processes: The Privileged Language of Professional Planning; CHAPTER FIVE Hard and Soft Privatization: Unequal Impacts of Government Withdrawal; CHAPTER SIX Urban Development and the Power of Ideas; Abbreviations; Chronology; References; Index 330 8 $aAnnotation$bExamining the debate between activists and professional planners over the vision of the future of a large growth corridor in Sydney, Australia, this case study maps the history of development from the late sixties to the mid-nineties, during which time serious environmental and financial problems arose. The book outlines five major visions of the future development and examines forms of political, economic, and institutional power applied by the parties in the project, with emphasis on the processes of infrastructure privatization and ecological impacts. The conclusion reflects on contemporary dilemmas about pluralism. 410 0$aCities and regions ;$v2. 606 $aCities and towns$xGrowth$vCase studies 606 $aCity planning$vCase studies 606 $aSuburbs$vCase studies 615 0$aCities and towns$xGrowth 615 0$aCity planning 615 0$aSuburbs 676 $a307.76 676 $a711.58 686 $aARC008000$aARC010000$2bisacsh 700 $aForsyth$b Ann$f1963-$0275531 801 0$bOCoLC-P 801 1$bOCoLC-P 906 $aBOOK 912 $a9910765701503321 996 $aConstructing Suburbs$92937339 997 $aUNINA